Literatura americana. /

Guardado en:
Autor Principal: Coronado, Martín Selec.
Formato: Libro
Publicado: Buenos Aires : Estrada, 0
Edición:31a. ed.
Etiquetas: Agregar Etiqueta
Sin Etiquetas, Sea el primero en etiquetar este registro!
LEADER 00430nam a22001575a 4500
001 CEM.cems001776
005 20060214000000.0
008 130507b######################000#0#####d
003 CEMS
082 0 4 |a H860.9 
100 1 |a Coronado, Martín Selec. 
245 1 0 |a Literatura americana. / 
250 |a 31a. ed. 
260 |a Buenos Aires :  |b Estrada, 0 
300 |a 482 p.1 
859 |a CEMS  |b BIB. CEMS - 11 de abril  |h H860.9  |i C817a31  |p 10213.81  |t Ej.1